000 01106nam a2200289 ca4500
003 DE-604
005 20260408143912.0
007 t|
008 110326n ph a b |||| 00||0 eng d
020 _a9789716300185
040 _aDE-604
_bger
_erakwb
_cGESM
041 0 _aeng
082 _a582
100 1 _aBulalacao, Lolita Jagudilla
_eVerfasser
_4aut
245 1 0 _aA First Look at Philippine Flowers
260 _aManila
_bTahanan Books
_c1994
300 _a24 p
_c20,5/20,5 cm
_fPamphlet
490 _aA first look at
500 _aMonographs in systematic botany from the National Museum, Philippines
520 _aIn this new series, botanist Lolita J. Bulalacao uses simple descriptions to distinguish one species from another so that children can sharpen their skills of observation, understand basic classification in biology and to open their eyes to the diversity of the world around them.
521 _aGrade school
526 _aHow the World Works Sharing the Planet
650 _aFlowers
_zPhilippines
655 0 4 _aPH
700 _aDayao, Crispin, Jr.
_eill
942 _2ddc
_cBK
_n0
999 _c20086
_d20086